| 000 | 00346nam a22001457a 4500 | ||
|---|---|---|---|
| 003 | OSt | ||
| 005 | 20160727222405.0 | ||
| 008 | 160623b xxu||||| |||| 00| 0 eng d | ||
| 040 | _cTest | ||
| 100 |
_9814 _aGhosh, P.K., et al |
||
| 245 | _aBusiness Studies - XII | ||
| 260 |
_aN.D _b NCERT _c1990 |
||
| 300 | _aBusiness Studies - XII | ||
| 942 |
_2ddc _cBK |
||
| 999 |
_c652 _d652 |
||